书目信息 |
| 题名: |
无机及分析化学学习指导
|
|
| 作者: | 钟国清 , 朱云云 主编 | |
| 分册: | ||
| 出版信息: | 北京 科学出版社 2007.7 |
|
| 页数: | 383页 | |
| 开本: | 24cm | |
| 丛书名: | 科学版学习指导系列 | |
| 单 册: | ||
| 中图分类: | O61 , O65 | |
| 科图分类: | ||
| 主题词: | 无机化学--高等学校--教学参考资料 , 分析化学--高等学校--教学参考资料 | |
| 电子资源: | ||
| ISBN: | 978-7-03-019086-4 | |
| 000 | 01044oam2 2200289 45 | |
| 001 | 1359715562 | |
| 005 | 20130529085256.20 | |
| 010 | @a978-7-03-019086-4@dCNY30.00 | |
| 100 | @a20130513d2007 ekmy0chiy0120 ea | |
| 101 | 0 | @achi |
| 102 | @aCN@b110000 | |
| 105 | @ay z 000yy | |
| 106 | @ar | |
| 200 | 1 | @a无机及分析化学学习指导@AWu Ji Ji Fen Xi Hua Xue Xue Xi Zhi Dao@f钟国清,朱云云主编@FZhong Guo Qing, Zhu Yun Yun Zhu Bian |
| 210 | @a北京@c科学出版社@d2007.7 | |
| 215 | @a383页@d24cm | |
| 225 | 2 | @a科学版学习指导系列 |
| 330 | @a本书包括气体、溶液和胶体、化学热力学初步、化学反应速率和化学平衡等共14章。每章由学习要求、内容要点、例题解析、习题解答、自测习题及答案几部分构成。 | |
| 461 | 0 | @12001 @a科学版学习指导系列 |
| 606 | 0 | @a无机化学@x高等学校@j教学参考资料 |
| 606 | 0 | @a分析化学@x高等学校@j教学参考资料 |
| 690 | @aO61@v5 | |
| 690 | @aO65@v5 | |
| 701 | 0 | @a钟国清@AZhong Guo Qing@c(化学)@4主编 |
| 701 | 0 | @a朱云云@AZhu Yun Yun@f(1953~)@4主编 |
| 801 | @aCN@bTANGWEI@c20130522 | |
| 905 | @b0833492-95@dO61@e144@f4 | |
| 无机及分析化学学习指导/钟国清,朱云云主编.-北京:科学出版社,2007.7 |
| 383页;24cm.-(科学版学习指导系列) |
| ISBN 978-7-03-019086-4:CNY30.00 |
| 本书包括气体、溶液和胶体、化学热力学初步、化学反应速率和化学平衡等共14章。每章由学习要求、内容要点、例题解析、习题解答、自测习题及答案几部分构成。 |
| ● |
| 相关链接 |
|
|
|
|
正题名:无机及分析化学学习指导
索取号:O61/144
 
预约/预借
| 序号 | 登录号 | 条形码 | 馆藏地/架位号 | 状态 | 备注 |
| 1 | 0833492 | 208334925 | 第二样本阅览室/ [索取号:O61/144] | 在馆 | |
| 2 | 0833493 | 208334934 | 化学系资料室/ [索取号:O61/144] | 在馆 | |
| 3 | 0833494 | 208334943 | 第三借阅区/ [索取号:O61/144] | 在馆 | |
| 4 | 0833495 | 208334952 | 第三借阅区/ [索取号:O61/144] | 在馆 |